Normal view
MARC view
- العزاوي،نجم عبدالله/م.مشارك: عباس حسين جواد
Entry Personal Name
001 - CONTROL NUMBER
- control field: 28832
003 - CONTROL NUMBER IDENTIFIER
- control field: JO-AjAnu
005 - DATE AND TIME OF LATEST TRANSACTION
- control field: 20230606074900.0
008 - FIXED-LENGTH DATA ELEMENTS
- fixed length control field: 230606|| aca||aabn | a|a d
040 ## - CATALOGING SOURCE
- Original cataloging agency: JO-AjAnu
- Transcribing agency: JO-AjAnu
100 ## - HEADING--PERSONAL NAME
- Personal name: العزاوي،نجم عبدالله/م.مشارك: عباس حسين جواد
670 ## - SOURCE DATA FOUND
- Source citation: Work cat.: (JO-AjAnu)14801: العزاوي،نجم عبدالله/م.مشارك: عباس حسين جواد, author, تطور ادارة الموارد البشرية: المفهوم - الاستراتيجية - الموقع التنظيمي = Development of Human Resource Management: Concepts - Strategic - Organizational Position